Statistics for Locations by Letter - W

Click here to take the quiz!

General Stats

  • This quiz has been taken 35,274 times
  • The average score is 12 of 20

Answer Stats

DescriptionLocation% Correct
Mansion of the U.S. PresidentWhite House
98%
New York Stock Exchange streetWall Street
95%
Capital of New ZealandWellington
87%
Place in Belgium where
Napoleon met his final defeat
Waterloo
85%
Where most of Yellowstone is locatedWyoming
79%
Capital of PolandWarsaw
75%
Part of that building where the
Oval Office is located
West Wing
75%
London's largest stadiumWembley Stadium
73%
Where the Mad Hatter and
March Hare live
Wonderland
68%
CymruWales
56%
Academy of the U.S. ArmyWest Point
54%
Capital of ManitobaWinnipeg
50%
Castle and royal residence in BerkshireWindsor Castle
47%
Town whose Christmas was almost
stolen by the Grinch
Whoville
45%
Batman's estateWayne Manor
44%
Irish city known for making crystalWaterford
43%
Lane where desparate housewives liveWisteria Lane
41%
Pond where Henry Thoreau sojournedWalden Pond
31%
Seat of the Stark familyWinterfell
30%
Los Angeles neighborhood that
rioted in 1965
Watts
28%

Score Distribution

Percentile by Number Answered

Percent of People with Each Score

Your Score History

You have not taken this quiz